| 000 | 00713nam a22002297a 4500 | ||
|---|---|---|---|
| 999 |
_c9959 _d9959 |
||
| 003 | AR-CdUCM | ||
| 008 | 190328b ||||| |||| 00| 0 spa d | ||
| 040 |
_aMUNICIPALIDAD PROVINCIAL DEL CUSCO _cBIBLIOTECA MUNICIPAL DEL CUSCO |
||
| 082 |
_aC / 869.56 / _bF65P |
||
| 100 |
_aFlorez Aybar, Jorge _9338 |
||
| 245 | _aPoemas sin rostro / | ||
| 260 |
_aCusco : _bGarcilaso, _c1977. |
||
| 300 |
_a23 páginas ; _c21.5 cm. |
||
| 500 | _aPublicación local, y artesanal. | ||
| 650 |
_aPoesía peruana _9806 |
||
| 650 |
_aPoetas peruanos _91611 |
||
| 650 |
_aPoesía cusqueña _92323 |
||
| 650 |
_aPoetas cusqueños _95956 |
||
| 650 |
_aPoesía - Siglo XX - Cusco _914767 |
||
| 942 |
_2ddc _cLIBROS |
||
| 945 | _alccs | ||